Зубчатые передачи с задачами и примерами расчётов: учебное пособие

Dettagli Bibliografici
Altri autori: Учаев П. Н. Петр Николаевич, Емельянов С. Г. Сергей Геннадьевич, Захаров И. С. Иван Сафонович, Схиртладзе А. Г. Александр Георгиевич, Павлов Е. В. Евгений Васильевич, Сергеев С. А. Сергей Александрович
Riassunto:В учебном пособии изложены основы расчётов различных видов зубчатых передач: цилиндрических прямо- и косозубых, с внутренним зацеплением, конических, с зацеплением Новикова, планетарных и волновых. Приведены данные, необходимые для расчёта указанных передач. Рассмотрены базовые задачи (модули) к их расчёту, даны примеры расчётов. Учебное пособие предназначено для студентов машиностроительных специальностей вузов, соответствует Государственному образовательному стандарту и может быть использовано также студентами техникумов и колледжей, технологами и конструкторами машиностроительных производств.
Lingua:russo
Pubblicazione: Старый Оскол, ТНТ, 2007
Soggetti:
Natura: Libro
KOHA link:https://koha.lib.tpu.ru/cgi-bin/koha/opac-detail.pl?biblionumber=132473

MARC

LEADER 00000nam0a2200000 4500
001 132473
005 20231101220351.0
010 |a 9785941780365 
035 |a (RuTPU)RU\TPU\book\143444 
090 |a 132473 
100 |a 20080304d2007 m y0rusy50 ca 
101 0 |a rus 
102 |a RU 
105 |a a j 001zy 
200 1 |a Зубчатые передачи с задачами и примерами расчётов  |e учебное пособие  |f П. Н. Учаев, С. Г. Емельянов, И. С. Захаров [и др.] 
210 |a Старый Оскол  |c ТНТ  |d 2007 
215 |a 120 с.  |c ил. 
320 |a Библиографический список: с. 119. 
330 |a В учебном пособии изложены основы расчётов различных видов зубчатых передач: цилиндрических прямо- и косозубых, с внутренним зацеплением, конических, с зацеплением Новикова, планетарных и волновых. Приведены данные, необходимые для расчёта указанных передач. Рассмотрены базовые задачи (модули) к их расчёту, даны примеры расчётов. Учебное пособие предназначено для студентов машиностроительных специальностей вузов, соответствует Государственному образовательному стандарту и может быть использовано также студентами техникумов и колледжей, технологами и конструкторами машиностроительных производств. 
606 1 |a Зубчатые передачи  |2 stltpush  |3 (RuTPU)RU\TPU\subj\72853  |9 86240 
610 1 |a зубчатые цилиндрические передачи 
610 1 |a зубчатые конические передачи 
610 1 |a зубчатые планетарные передачи 
610 1 |a зубчатые волновые передачи 
610 1 |a задачи 
610 1 |a расчет 
610 1 |a учебные пособия 
675 |a 621.833(075.8)  |v 3 
701 1 |a Учаев  |b П. Н.  |g Петр Николаевич 
701 1 |a Емельянов  |b С. Г.  |g Сергей Геннадьевич 
701 1 |a Захаров  |b И. С.  |g Иван Сафонович 
701 1 |a Схиртладзе  |b А. Г.  |g Александр Георгиевич 
701 1 |a Павлов  |b Е. В.  |g Евгений Васильевич 
701 1 |a Сергеев  |b С. А.  |g Сергей Александрович 
801 1 |a RU  |b 63413507  |c 20080304  |g PSBO 
801 2 |a RU  |b 63413507  |c 20220518  |g PSBO 
900 |a Детали машин 
900 |a Детали машин и основы конструирования 
900 |a Прикладная механика 
900 |a Прикладная механика, машины и механизмы 
900 |a Техническая механика 
942 |c BK 
951 |b 150900  |b 151000 
955 |b 151000 
959 |a 25/20080304  |d 3  |e 185,00  |f АНЛ:2  |f ЧЗТЛ:1